[Event "World Chess Olympiad 2018"]
[Site "Batumi"]
[Date "2018.09.28"]
[Round "5"]
[Board "4"]
[WhiteFideId "15400212"]
[White "Celis Joel"]
[BlackFideId "912921"]
[Black "Moldovanovic Dragan"]
[Result "1-0"]
[LiveChessVersion "1.4.8"]
[BlackElo "2051"]
[WhiteElo "1840"]

1. e4 {[%clk 1:30:48]} c6 {[%clk 1:30:39]} 2. Nf3 {[%clk 1:31:04]} d5
{[%clk 1:30:49]} 3. Nc3 {[%clk 1:31:17]} d4 {[%clk 1:30:16]} 4. Ne2
{[%clk 1:31:33]} c5 {[%clk 1:30:16]} 5. c3 {[%clk 1:31:27]} Nc6 {[%clk 1:29:21]}
6. cxd4 {[%clk 1:28:52]} cxd4 {[%clk 1:29:14]} 7. Qa4 {[%clk 1:29:03]} Nf6
{[%clk 1:24:48]} 8. Nexd4 {[%clk 1:23:59]} Bd7 {[%clk 1:25:01]} 9. Nxc6
{[%clk 1:20:26]} bxc6 {[%clk 1:24:05]} 10. Ne5 {[%clk 1:18:13]} Qc7
{[%clk 1:22:50]} 11. Nxd7 {[%clk 1:17:00]} Nxd7 {[%clk 1:23:00]} 12. d4
{[%clk 1:13:40]} e6 {[%clk 1:22:15]} 13. Be2 {[%clk 1:10:31]} Be7
{[%clk 1:20:32]} 14. Be3 {[%clk 1:09:41]} Rb8 {[%clk 1:18:41]} 15. Qc2
{[%clk 0:58:33]} O-O {[%clk 1:17:16]} 16. O-O {[%clk 0:58:16]} Rfc8
{[%clk 1:14:35]} 17. Rfc1 {[%clk 0:56:48]} Qb7 {[%clk 1:11:10]} 18. Bf4
{[%clk 0:47:31]} Ra8 {[%clk 1:09:29]} 19. Qa4 {[%clk 0:40:24]} Qxb2
{[%clk 1:02:52]} 20. Ba6 {[%clk 0:40:03]} Nb6 {[%clk 1:03:02]} 21. Qb3
{[%clk 0:39:41]} Qxb3 {[%clk 0:57:12]} 22. axb3 {[%clk 0:40:02]} Rd8
{[%clk 0:57:12]} 23. Bb7 {[%clk 0:39:41]} 1-0

[Event "World Chess Olympiad 2018"]
[Site "Batumi"]
[Date "2018.09.28"]
[Round "5"]
[Board "1"]
[WhiteFideId "3301478"]
[White "Gemy Jose Daniel"]
[BlackFideId "14306352"]
[Black "Lima Osvaldo Dos Santos"]
[Result "1-0"]
[LiveChessVersion "1.4.8"]
[BlackElo "1803"]
[WhiteElo "2400"]

1. e4 {[%clk 1:30:57]} e5 {[%clk 1:30:41]} 2. Nf3 {[%clk 1:31:20]} Nc6
{[%clk 1:30:37]} 3. Bc4 {[%clk 1:31:44]} Bc5 {[%clk 1:29:55]} 4. O-O
{[%clk 1:32:07]} Nf6 {[%clk 1:29:47]} 5. d4 {[%clk 1:32:31]} Bxd4
{[%clk 1:28:43]} 6. Nxd4 {[%clk 1:32:53]} Nxd4 {[%clk 1:28:34]} 7. f4
{[%clk 1:33:19]} d6 {[%clk 1:28:19]} 8. fxe5 {[%clk 1:33:47]} dxe5
{[%clk 1:28:48]} 9. Bg5 {[%clk 1:33:52]} Be6 {[%clk 1:26:04]} 10. Na3
{[%clk 1:34:12]} Qe7 {[%clk 1:22:37]} 11. c3 {[%clk 1:25:26]} Bxc4
{[%clk 1:18:33]} 12. Nxc4 {[%clk 1:25:21]} Nc6 {[%clk 1:18:33]} 13. Ne3
{[%clk 1:24:36]} Qc5 {[%clk 1:17:40]} 14. b4 {[%clk 0:55:27]} Qb6
{[%clk 1:14:35]} 15. Kh1 {[%clk 0:49:47]} Ne7 {[%clk 1:12:10]} 16. Bxf6
{[%clk 0:24:41]} gxf6 {[%clk 1:10:23]} 17. Ng4 {[%clk 0:24:59]} Ng8
{[%clk 1:07:41]} 18. Qa4+ {[%clk 0:17:33]} Ke7 {[%clk 1:04:00]} 19. Rad1
{[%clk 0:17:20]} c6 {[%clk 1:03:25]} 20. Rd3 {[%clk 0:15:45]} h5 {[%clk 0:56:32]}
21. Rh3 {[%clk 0:11:46]} Qb5 {[%clk 0:54:58]} 22. Qxb5 {[%clk 0:11:59]} cxb5
{[%clk 0:54:39]} 23. Ne3 {[%clk 0:12:28]} Rc8 {[%clk 0:52:00]} 24. Nf5+
{[%clk 0:09:21]} Kf8 {[%clk 0:44:39]} 25. g4 {[%clk 0:04:04]} a6 {[%clk 0:43:48]}
26. gxh5 {[%clk 0:02:49]} Rd8 {[%clk 0:42:02]} 27. h6 {[%clk 0:02:16]} Ne7
{[%clk 0:42:04]} 28. Nxe7 {[%clk 0:01:13]} Kxe7 {[%clk 0:42:32]} 29. h7
{[%clk 0:01:30]} Rd2 {[%clk 0:42:32]} 30. Rg1 {[%clk 0:00:45]} Rdd8
{[%clk 0:42:56]} 31. Rh6 {[%clk 0:00:52]} Ke6 {[%clk 0:42:29]} 32. Rf1
{[%clk 0:00:51]} Ke7 {[%clk 0:39:35]} 33. Kg2 {[%clk 0:00:39]} Rd3
{[%clk 0:39:38]} 34. Rf3 {[%clk 0:00:35]} Rxf3 {[%clk 0:39:05]} 35. Kxf3
{[%clk 0:01:04]} Kf8 {[%clk 0:39:22]} 36. Kg4 {[%clk 0:01:02]} Kg7
{[%clk 0:39:14]} 37. Rh4 {[%clk 0:01:20]} Kg6 {[%clk 0:38:51]} 38. Rh3
{[%clk 0:01:38]} b6 {[%clk 0:37:43]} 39. Rh4 {[%clk 0:01:54]} a5 {[%clk 0:35:12]}
40. Rh3 {[%clk 0:32:18]} a4 {[%clk 1:04:13]} 41. a3 {[%clk 0:32:30]} f5+
{[%clk 1:03:46]} 42. exf5+ {[%clk 0:32:24]} Kg7 {[%clk 1:03:25]} 43. Rd3
{[%clk 0:23:04]} Rxh7 {[%clk 0:58:54]} 44. h4 {[%clk 0:22:17]} Rh8
{[%clk 0:58:51]} 45. Rd6 {[%clk 0:18:13]} Re8 {[%clk 0:56:41]} 46. f6+
{[%clk 0:14:33]} Kf8 {[%clk 0:45:09]} 47. Kf3 {[%clk 0:14:22]} e4+
{[%clk 0:44:04]} 48. Ke3 {[%clk 0:14:45]} Kg8 {[%clk 0:44:01]} 49. Rxb6
{[%clk 0:10:07]} Re5 {[%clk 0:41:31]} 50. Rb7 {[%clk 0:09:52]} Re6
{[%clk 0:40:34]} 51. Rxb5 {[%clk 0:09:49]} Rxf6 {[%clk 0:40:29]} 52. Kxe4
{[%clk 0:10:07]} Rh6 {[%clk 0:39:52]} 53. h5 {[%clk 0:10:26]} Re6+
{[%clk 0:40:18]} 54. Kd4 {[%clk 0:09:59]} Re1 {[%clk 0:39:06]} 55. Ra5
{[%clk 0:10:09]} Rh1 {[%clk 0:38:45]} 56. Rxa4 {[%clk 0:09:35]} Rxh5
{[%clk 0:39:12]} 57. Ra5 {[%clk 0:09:47]} f5 {[%clk 0:38:04]} 58. Ra7
{[%clk 0:10:12]} f4 {[%clk 0:38:27]} 59. Ke4 {[%clk 0:10:27]} f3 {[%clk 0:38:50]}
60. Kxf3 {[%clk 0:10:37]} Rh3+ {[%clk 0:37:10]} 61. Ke4 {[%clk 0:10:39]} Rxc3
{[%clk 0:36:00]} 62. Kd4 {[%clk 0:10:54]} Rh3 {[%clk 0:35:44]} 63. b5
{[%clk 0:11:18]} Kf8 {[%clk 0:35:40]} 64. b6 {[%clk 0:11:29]} Ke8
{[%clk 0:35:37]} 65. b7 {[%clk 0:11:45]} Rh4+ {[%clk 0:35:22]} 66. Kc5
{[%clk 0:11:54]} Rh5+ {[%clk 0:35:22]} 67. Kc6 {[%clk 0:12:09]} Rh6+
{[%clk 0:34:44]} 68. Kc7 {[%clk 0:12:31]} Rh7+ {[%clk 0:34:40]} 69. Kc8
{[%clk 0:12:56]} 1-0

[Event "World Chess Olympiad 2018"]
[Site "Batumi"]
[Date "2018.09.28"]
[Round "5"]
[Board "3"]
[WhiteFideId "3303144"]
[White "Pinto Daniel"]
[BlackFideId "16900049"]
[Black "Espirito Santo Waldyr"]
[Result "1-0"]
[LiveChessVersion "1.4.8"]
[BlackElo "1903"]
[WhiteElo "2131"]

1. Nf3 {[%clk 1:30:50]} d5 {[%clk 1:30:35]} 2. g3 {[%clk 1:31:12]} Nc6
{[%clk 1:29:18]} 3. Bg2 {[%clk 1:30:51]} e5 {[%clk 1:29:09]} 4. d3
{[%clk 1:31:12]} Nf6 {[%clk 1:28:16]} 5. O-O {[%clk 1:31:03]} Be7
{[%clk 1:27:18]} 6. c4 {[%clk 1:30:20]} dxc4 {[%clk 1:22:30]} 7. dxc4
{[%clk 1:29:45]} Qxd1 {[%clk 1:21:31]} 8. Rxd1 {[%clk 1:30:09]} Be6
{[%clk 1:21:39]} 9. b3 {[%clk 1:30:31]} Rd8 {[%clk 1:16:34]} 10. Rxd8+
{[%clk 1:27:39]} Bxd8 {[%clk 1:16:48]} 11. Bb2 {[%clk 1:27:57]} Nd7
{[%clk 1:14:53]} 12. Nc3 {[%clk 1:22:23]} O-O {[%clk 1:09:29]} 13. Nd5
{[%clk 1:20:19]} f5 {[%clk 1:07:55]} 14. Rd1 {[%clk 1:17:21]} e4 {[%clk 1:06:08]}
15. Nf4 {[%clk 1:10:52]} Kf7 {[%clk 0:56:37]} 16. Bxg7 {[%clk 1:02:03]} exf3
{[%clk 0:40:26]} 17. Bxf3 {[%clk 0:59:55]} Nce5 {[%clk 0:26:07]} 18. Bxf8
{[%clk 0:59:37]} Bxc4 {[%clk 0:21:59]} 19. bxc4 {[%clk 0:58:33]} Bg5
{[%clk 0:20:45]} 20. Bb4 {[%clk 0:57:06]} 1-0

[Event "World Chess Olympiad 2018"]
[Site "Batumi"]
[Date "2018.09.28"]
[Round "5"]
[Board "1"]
[WhiteFideId "7603991"]
[White "Gnaam Koteba."]
[BlackFideId "20700245"]
[Black "Hlophe Smilo"]
[Result "1-0"]
[LiveChessVersion "1.4.8"]
[BlackElo "1608"]
[WhiteElo "2061"]

1. e4 {[%clk 1:30:55]} d5 {[%clk 1:30:59]} 2. exd5 {[%clk 1:31:04]} Qxd5
{[%clk 1:31:29]} 3. Nc3 {[%clk 1:31:10]} Qd6 {[%clk 1:31:58]} 4. d4
{[%clk 1:30:13]} Nf6 {[%clk 1:32:26]} 5. Nf3 {[%clk 1:29:29]} Bg4
{[%clk 1:32:54]} 6. Be2 {[%clk 1:29:42]} c6 {[%clk 1:33:09]} 7. Be3
{[%clk 1:28:39]} e6 {[%clk 1:33:21]} 8. Ne5 {[%clk 1:26:38]} Bxe2 9. Qxe2 Qc7
{[%clk 1:33:15]} 10. O-O-O {[%clk 1:25:17]} Nbd7 {[%clk 1:30:54]} 11. Bf4
{[%clk 1:20:40]} Bd6 {[%clk 1:31:11]} 12. Bg3 {[%clk 1:21:01]} Nb6
{[%clk 1:27:58]} 13. Rhe1 {[%clk 1:13:28]} O-O-O {[%clk 1:18:31]} 14. Kb1
{[%clk 1:13:08]} Nbd5 {[%clk 1:17:49]} 15. Ne4 {[%clk 1:08:29]} Nxe4
{[%clk 1:16:08]} 16. Qxe4 {[%clk 1:08:41]} Nf6 {[%clk 1:15:13]} 17. Qf3
{[%clk 1:08:40]} Rhe8 {[%clk 1:10:46]} 18. c4 {[%clk 0:59:20]} c5
{[%clk 1:01:17]} 19. dxc5 {[%clk 0:56:47]} Bxc5 {[%clk 1:01:07]} 20. Ng4
{[%clk 0:48:46]} Qe7 {[%clk 0:34:23]} 21. Qf4 {[%clk 0:42:43]} Rxd1+
{[%clk 0:34:44]} 22. Rxd1 {[%clk 0:42:56]} e5 {[%clk 0:31:41]} 23. Nxe5
{[%clk 0:38:10]} Bd6 {[%clk 0:27:32]} 24. Qf5+ {[%clk 0:36:29]} Qe6
{[%clk 0:24:50]} 25. Qxe6+ {[%clk 0:35:41]} Rxe6 {[%clk 0:24:59]} 26. Nxf7
{[%clk 0:30:21]} Bxg3 {[%clk 0:25:21]} 27. fxg3 {[%clk 0:29:13]} Re2
{[%clk 0:24:51]} 28. Nd6+ {[%clk 0:29:17]} Kc7 {[%clk 0:21:15]} 29. Nb5+
{[%clk 0:26:39]} Kb6 {[%clk 0:21:17]} 30. Kc1 {[%clk 0:11:12]} Rxg2
{[%clk 0:21:01]} 31. Rd2 {[%clk 0:11:10]} Rxd2 {[%clk 0:16:08]} 32. Kxd2
{[%clk 0:11:38]} Ng4 {[%clk 0:16:37]} 33. h4 {[%clk 0:11:24]} Ne5
{[%clk 0:11:52]} 34. b3 {[%clk 0:10:39]} g5 {[%clk 0:11:18]} 35. hxg5
{[%clk 0:10:22]} Nf3+ {[%clk 0:11:39]} 36. Ke3 {[%clk 0:10:45]} Nxg5
{[%clk 0:12:01]} 37. Kf4 {[%clk 0:10:25]} Nh3+ {[%clk 0:08:41]} 38. Ke5
{[%clk 0:05:48]} Nf2 {[%clk 0:07:44]} 39. Nc3 {[%clk 0:05:32]} Nd3+
{[%clk 0:04:32]} 40. Kd6 {[%clk 0:03:34]} Nc1 {[%clk 0:03:44]} 41. Kd5 Ka5 42. g4
{[%clk 0:13:00]} Kb4 {[%clk 0:30:05]} 43. Kd4 {[%clk 0:12:52]} Ka3
{[%clk 0:28:33]} 44. g5 {[%clk 0:10:26]} Kb2 {[%clk 0:12:56]} 45. b4
{[%clk 0:05:44]} a6 {[%clk 0:06:39]} 46. b5 {[%clk 0:02:51]} axb5
{[%clk 0:04:39]} 47. Nxb5 {[%clk 0:02:59]} Kxa2 {[%clk 0:04:01]} 48. Nd6
{[%clk 0:03:16]} Nb3+ {[%clk 0:03:26]} 49. Kd5 {[%clk 0:01:49]} Na5
{[%clk 0:03:35]} 50. Ne4 {[%clk 0:00:59]} Kb3 {[%clk 0:03:02]} 51. c5
{[%clk 0:00:34]} Nc6 {[%clk 0:01:36]} 52. Nf6 {[%clk 0:00:40]} Ne7+
{[%clk 0:01:46]} 53. Ke6 {[%clk 0:00:44]} Ng6 {[%clk 0:02:15]} 54. Nxh7
{[%clk 0:00:58]} Kc4 {[%clk 0:02:25]} 55. Kd6 {[%clk 0:00:53]} Kd4
{[%clk 0:01:32]} 56. Nf6 {[%clk 0:00:45]} Ne5 {[%clk 0:00:42]} 57. Ke6
{[%clk 0:00:38]} Ng6 {[%clk 0:01:09]} 58. Nd7 {[%clk 0:01:00]} Nh4
{[%clk 0:01:02]} 59. Kd6 {[%clk 0:00:51]} Nf5+ {[%clk 0:00:31]} 60. Kc7
{[%clk 0:01:08]} Kd5 {[%clk 0:00:49]} 61. Kxb7 {[%clk 0:01:15]} Ne7
{[%clk 0:01:13]} 62. Kb6 {[%clk 0:00:47]} Ke6 {[%clk 0:01:40]} 63. c6
{[%clk 0:00:33]} Nxc6 {[%clk 0:02:05]} 64. g6 {[%clk 0:00:36]} Ke7
{[%clk 0:02:13]} 65. Kxc6 {[%clk 0:00:58]} Ke6 {[%clk 0:01:49]} 66. Kb6 1-0

[Event "World Chess Olympiad 2018"]
[Site "Batumi"]
[Date "2018.09.28"]
[Round "5"]
[Board "2"]
[WhiteFideId "20700113"]
[White "Mbongeni Mabuza"]
[BlackFideId "7601948"]
[Black "Chekh Adm Khedr Aram"]
[Result "0-1"]
[LiveChessVersion "1.4.8"]
[BlackElo "2171"]
[WhiteElo "1560"]

1. e4 {[%clk 1:30:21]} c5 {[%clk 1:30:49]} 2. Nf3 {[%clk 1:30:31]} e6
{[%clk 1:31:13]} 3. d4 {[%clk 1:30:14]} cxd4 {[%clk 1:31:41]} 4. Nxd4
{[%clk 1:30:26]} a6 {[%clk 1:32:10]} 5. Nc3 {[%clk 1:30:14]} Qc7 {[%clk 1:32:35]}
6. a3 {[%clk 1:29:17]} Nf6 {[%clk 1:32:51]} 7. Bd3 {[%clk 1:29:04]} b5
{[%clk 1:32:15]} 8. O-O {[%clk 1:28:44]} d6 {[%clk 1:32:38]} 9. Be3
{[%clk 1:24:22]} Nbd7 {[%clk 1:33:02]} 10. f3 {[%clk 1:23:26]} Bb7
{[%clk 1:30:54]} 11. Re1 {[%clk 1:20:14]} Be7 {[%clk 1:31:09]} 12. Qd2
{[%clk 1:19:42]} Rc8 {[%clk 1:31:29]} 13. Rac1 {[%clk 1:19:11]} O-O
{[%clk 1:31:02]} 14. Nce2 {[%clk 1:13:44]} Ne5 {[%clk 1:31:11]} 15. Ng3
{[%clk 1:12:47]} Rfd8 {[%clk 1:30:11]} 16. f4 {[%clk 1:10:04]} Nc4
{[%clk 1:27:59]} 17. Bxc4 {[%clk 1:08:26]} bxc4 {[%clk 1:28:19]} 18. Bf2
{[%clk 1:02:50]} c3 {[%clk 0:57:13]} 19. bxc3 {[%clk 0:58:52]} Qxc3
{[%clk 0:57:40]} 20. Qxc3 {[%clk 0:57:50]} Rxc3 {[%clk 0:58:08]} 21. Rb1
{[%clk 0:58:06]} Ba8 {[%clk 0:58:32]} 22. Rb3 {[%clk 0:58:12]} Rc4
{[%clk 0:58:08]} 23. Rb4 {[%clk 0:47:55]} d5 {[%clk 0:57:37]} 24. Rxc4
{[%clk 0:44:12]} dxc4 {[%clk 0:58:05]} 25. a4 {[%clk 0:31:06]} Bb4
{[%clk 0:58:13]} 26. Re2 {[%clk 0:18:26]} Ng4 {[%clk 0:58:32]} 27. Nf3
{[%clk 0:17:09]} Nxf2 {[%clk 0:48:12]} 28. Kxf2 {[%clk 0:16:43]} Bc6
{[%clk 0:48:40]} 29. c3 {[%clk 0:12:57]} Bc5+ {[%clk 0:49:01]} 30. Ke1
{[%clk 0:11:10]} Bxa4 {[%clk 0:49:15]} 31. Rd2 {[%clk 0:11:30]} Rxd2
{[%clk 0:45:58]} 32. Nxd2 {[%clk 0:11:07]} Bb3 {[%clk 0:46:14]} 33. Ne2
{[%clk 0:06:34]} a5 {[%clk 0:46:28]} 34. Nd4 {[%clk 0:04:51]} a4 {[%clk 0:46:10]}
35. Ke2 {[%clk 0:03:24]} Bxd4 {[%clk 0:46:14]} 36. cxd4 {[%clk 0:03:29]} a3
{[%clk 0:46:37]} 37. d5 {[%clk 0:00:47]} exd5 {[%clk 0:46:55]} 38. exd5
{[%clk 0:01:07]} Kf8 {[%clk 0:46:29]} 39. d6 {[%clk 0:01:00]} Ke8
{[%clk 0:46:53]} 40. Ne4 {[%clk 0:30:52]} a2 0-1

[Event "World Chess Olympiad 2018"]
[Site "Batumi"]
[Date "2018.09.28"]
[Round "5"]
[Board "3"]
[WhiteFideId "7601875"]
[White "Eiti Bashir"]
[BlackFideId "20700253"]
[Black "Nxumalo Vuyo"]
[Result "1-0"]
[LiveChessVersion "1.4.8"]
[BlackElo "1525"]
[WhiteElo "2259"]

1. d4 {[%clk 1:30:45]} Nf6 {[%clk 1:30:16]} 2. Nf3 {[%clk 1:31:04]} d5
{[%clk 1:29:34]} 3. c4 {[%clk 1:31:24]} g6 {[%clk 1:29:12]} 4. cxd5
{[%clk 1:29:54]} Nxd5 {[%clk 1:28:11]} 5. e4 {[%clk 1:29:51]} Nb6
{[%clk 1:28:21]} 6. h3 {[%clk 1:29:08]} Bg7 {[%clk 1:28:22]} 7. Nc3
{[%clk 1:28:04]} O-O {[%clk 1:28:20]} 8. Be2 {[%clk 1:27:36]} Nc6
{[%clk 1:27:47]} 9. Be3 {[%clk 1:22:53]} e6 {[%clk 1:23:01]} 10. O-O
{[%clk 1:22:19]} Nd7 {[%clk 1:22:10]} 11. e5 {[%clk 1:18:33]} Nb6
{[%clk 1:21:43]} 12. Bg5 {[%clk 1:10:51]} Ne7 {[%clk 1:20:09]} 13. Ne4
{[%clk 1:10:22]} Nbd5 {[%clk 1:18:06]} 14. Qd2 {[%clk 1:03:28]} b6
{[%clk 1:15:42]} 15. Nh2 {[%clk 0:47:09]} f5 {[%clk 1:11:25]} 16. exf6
{[%clk 0:47:21]} Nxf6 {[%clk 1:11:46]} 17. Nxf6+ {[%clk 0:47:26]} Bxf6
{[%clk 1:12:06]} 18. Bxf6 {[%clk 0:47:41]} Rxf6 {[%clk 1:11:47]} 19. Ng4
{[%clk 0:47:49]} Rf8 {[%clk 1:12:01]} 20. Bf3 {[%clk 0:40:03]} Rb8
{[%clk 1:03:51]} 21. Rad1 {[%clk 0:27:23]} Bb7 {[%clk 1:03:22]} 22. Bxb7
{[%clk 0:27:15]} Rxb7 {[%clk 1:03:45]} 23. Qe3 {[%clk 0:23:11]} Qd5
{[%clk 1:02:55]} 24. Rfe1 {[%clk 0:22:57]} Qxa2 {[%clk 1:01:13]} 25. d5
{[%clk 0:18:03]} Nf5 {[%clk 0:43:28]} 26. Qxe6+ {[%clk 0:18:26]} Kg7
{[%clk 0:41:40]} 27. Qc6 {[%clk 0:14:15]} Rfb8 {[%clk 0:25:55]} 28. Re7+ Kg8
{[%clk 0:20:09]} 29. Qe6+ {[%clk 0:14:30]} Kh8 {[%clk 0:20:11]} 30. Qf6+ 1-0

[Event "World Chess Olympiad 2018"]
[Site "Batumi"]
[Date "2018.09.28"]
[Round "5"]
[Board "4"]
[WhiteFideId "20700784"]
[White "Sihlongonyane Sikhanyiso"]
[BlackFideId "7609337"]
[Black "Alhammada Imad."]
[Result "1-0"]
[LiveChessVersion "1.4.8"]
[BlackElo "2118"]
[WhiteElo "1408"]

1. e4 {[%clk 1:30:35]} g6 {[%clk 1:30:35]} 2. d4 {[%clk 1:30:02]} Bg7
{[%clk 1:31:01]} 3. c4 {[%clk 1:30:21]} c5 {[%clk 1:30:53]} 4. d5
{[%clk 1:29:17]} d6 {[%clk 1:31:03]} 5. h3 {[%clk 1:29:02]} Nd7 {[%clk 1:30:07]}
6. Nf3 {[%clk 1:28:35]} a6 {[%clk 1:28:00]} 7. a4 {[%clk 1:28:46]} Rb8
{[%clk 1:22:35]} 8. Nc3 {[%clk 1:25:30]} Ne5 {[%clk 1:17:58]} 9. Bf4
{[%clk 1:22:59]} Nxf3+ {[%clk 1:18:04]} 10. Qxf3 {[%clk 1:23:17]} Qa5
{[%clk 1:13:42]} 11. Ra3 {[%clk 1:16:56]} Qb4 {[%clk 1:08:09]} 12. Bc1
{[%clk 1:14:15]} f5 {[%clk 1:02:49]} 13. Bd3 {[%clk 1:09:45]} fxe4
{[%clk 0:51:51]} 14. Qxe4 {[%clk 1:09:01]} Nf6 {[%clk 0:49:06]} 15. Qe2
{[%clk 1:07:48]} O-O {[%clk 0:49:03]} 16. O-O {[%clk 1:07:17]} Qb6
{[%clk 0:48:20]} 17. Qxe7 {[%clk 0:53:38]} Bd7 {[%clk 0:46:24]} 18. a5
{[%clk 0:52:00]} Qc7 {[%clk 0:46:21]} 19. Bf4 {[%clk 0:48:07]} Ne8
{[%clk 0:42:47]} 20. Bg3 {[%clk 0:44:02]} Rf7 {[%clk 0:43:05]} 21. Qe2
{[%clk 0:43:00]} Nf6 {[%clk 0:42:00]} 22. Qc2 {[%clk 0:40:34]} Nh5
{[%clk 0:38:48]} 23. Bh2 {[%clk 0:36:34]} Rbf8 {[%clk 0:31:09]} 24. Ne4
{[%clk 0:35:26]} Nf4 {[%clk 0:29:49]} 25. Ng5 {[%clk 0:32:36]} Nxd3
{[%clk 0:23:34]} 26. Rxd3 {[%clk 0:23:23]} Rf5 {[%clk 0:19:38]} 27. Ne4
{[%clk 0:08:23]} Be5 {[%clk 0:19:45]} 28. Bxe5 {[%clk 0:07:57]} Rxe5
{[%clk 0:19:54]} 29. Ra3 {[%clk 0:08:01]} Bf5 {[%clk 0:19:16]} 30. Re1
{[%clk 0:07:24]} Qe7 {[%clk 0:15:24]} 31. Rae3 {[%clk 0:06:54]} Re8
{[%clk 0:11:51]} 32. f3 {[%clk 0:07:18]} Qh4 {[%clk 0:10:50]} 33. Qf2
{[%clk 0:06:57]} Qd8 {[%clk 0:09:40]} 34. Qd2 {[%clk 0:04:09]} Kf8
{[%clk 0:04:56]} 35. Qc3 {[%clk 0:03:56]} Kg8 {[%clk 0:03:31]} 36. Qd2
{[%clk 0:02:51]} Qe7 {[%clk 0:03:35]} 37. Qc2 {[%clk 0:02:58]} h6
{[%clk 0:02:59]} 38. Kh2 {[%clk 0:03:00]} Kh7 {[%clk 0:03:11]} 39. Kg1
{[%clk 0:03:28]} g5 {[%clk 0:03:06]} 40. g4 {[%clk 0:32:43]} Bg6 {[%clk 0:33:18]}
41. Kg2 {[%clk 0:32:52]} Qf8 {[%clk 0:31:23]} 42. Qb3 {[%clk 0:31:03]} Bxe4
{[%clk 0:27:54]} 43. Rxe4 {[%clk 0:29:13]} Rxe4 {[%clk 0:25:48]} 44. Qd3
{[%clk 0:22:59]} Qf6 {[%clk 0:23:31]} 45. Rxe4 {[%clk 0:23:04]} Qg6
{[%clk 0:23:20]} 46. Qe3 {[%clk 0:21:22]} Rxe4 {[%clk 0:23:16]} 47. Qxe4
{[%clk 0:21:46]} Qxe4 {[%clk 0:22:10]} 48. fxe4 {[%clk 0:22:09]} Kg7
{[%clk 0:22:35]} 49. e5 {[%clk 0:22:31]} dxe5 {[%clk 0:22:59]} 50. Kf3
{[%clk 0:22:56]} 1-0

[Event "World Chess Olympiad 2018"]
[Site "Batumi"]
[Date "2018.09.28"]
[Round "5"]
[Board "3"]
[WhiteFideId "31000118"]
[White "Orio Rogelio L."]
[BlackFideId "7501005"]
[Black "Capella Rurik"]
[Result "1-0"]
[LiveChessVersion "1.4.8"]
[BlackElo "1979"]
[WhiteElo "1793"]

1. d4 {[%clk 1:30:24]} Nf6 {[%clk 1:30:45]} 2. Bf4 {[%clk 1:30:14]} d6
{[%clk 1:30:43]} 3. e3 {[%clk 1:30:05]} g6 {[%clk 1:30:58]} 4. c3
{[%clk 1:30:22]} Bg7 {[%clk 1:31:20]} 5. Nd2 {[%clk 1:30:26]} O-O
{[%clk 1:31:34]} 6. Be2 {[%clk 1:30:37]} Nc6 {[%clk 1:31:52]} 7. Ngf3
{[%clk 1:30:49]} Nh5 {[%clk 1:27:24]} 8. Bg5 {[%clk 1:29:48]} h6 {[%clk 1:25:30]}
9. Bh4 {[%clk 1:29:45]} Nf6 {[%clk 1:24:56]} 10. h3 {[%clk 1:29:04]} e5
{[%clk 1:23:49]} 11. O-O {[%clk 1:27:10]} g5 {[%clk 1:22:04]} 12. Bg3
{[%clk 1:24:34]} Qe7 {[%clk 1:18:43]} 13. Nh2 {[%clk 1:21:13]} e4
{[%clk 1:14:23]} 14. b4 {[%clk 1:20:45]} d5 {[%clk 1:13:51]} 15. a4
{[%clk 1:20:32]} Nh7 {[%clk 1:12:01]} 16. b5 {[%clk 1:17:45]} Nd8
{[%clk 1:12:05]} 17. c4 {[%clk 1:17:42]} c6 {[%clk 1:11:59]} 18. cxd5
{[%clk 1:17:29]} cxd5 {[%clk 1:12:15]} 19. Rc1 {[%clk 1:17:41]} f5
{[%clk 1:10:56]} 20. f3 {[%clk 1:11:26]} f4 {[%clk 1:07:13]} 21. exf4
{[%clk 1:09:01]} gxf4 {[%clk 1:03:09]} 22. Be1 {[%clk 1:09:11]} e3
{[%clk 0:52:43]} 23. Nb3 {[%clk 1:08:24]} Bf5 {[%clk 0:49:58]} 24. Nc5
{[%clk 1:08:08]} Qg5 {[%clk 0:48:06]} 25. Kh1 {[%clk 1:06:59]} b6
{[%clk 0:47:10]} 26. h4 {[%clk 1:06:38]} Qh5 {[%clk 0:44:21]} 27. Nd3
{[%clk 1:06:12]} Ne6 {[%clk 0:34:23]} 28. Ne5 {[%clk 1:05:21]} Rac8
{[%clk 0:29:57]} 29. Rc6 {[%clk 1:05:21]} Bxe5 {[%clk 0:24:47]} 30. dxe5
{[%clk 1:05:40]} d4 {[%clk 0:22:54]} 31. Bc4 {[%clk 1:04:12]} d3 32. g4
{[%clk 1:01:02]} fxg3 {[%clk 0:12:54]} 33. Rg1 {[%clk 0:59:41]} Kh8
{[%clk 0:10:16]} 34. Bxg3 {[%clk 0:59:58]} e2 {[%clk 0:06:30]} 35. Qd2
{[%clk 0:58:30]} Rg8 {[%clk 0:04:06]} 36. Bxe6 {[%clk 0:53:49]} Rxc6
{[%clk 0:02:13]} 37. Bxg8 {[%clk 0:53:36]} Rc2 {[%clk 0:02:01]} 38. Qe3
{[%clk 0:48:35]} Kxg8 {[%clk 0:01:44]} 39. e6 {[%clk 0:48:23]} Kf8
{[%clk 0:01:06]} 40. Bd6+ {[%clk 1:17:33]} 1-0

[Event "World Chess Olympiad 2018"]
[Site "Batumi"]
[Date "2018.09.28"]
[Round "5"]
[Board "1"]
[WhiteFideId "9200711"]
[White "Alharari Mohammed Alsouri"]
[BlackFideId "409014"]
[Black "Kirby Peter J."]
[Result "1/2-1/2"]
[LiveChessVersion "1.4.8"]
[BlackElo "1988"]
[WhiteElo "2038"]

1. d4 {[%clk 1:30:55]} Nf6 {[%clk 1:30:56]} 2. Nf3 {[%clk 1:31:22]} g6
{[%clk 1:31:21]} 3. Bf4 {[%clk 1:31:49]} Bg7 {[%clk 1:31:44]} 4. e3
{[%clk 1:32:16]} O-O {[%clk 1:32:01]} 5. Be2 {[%clk 1:32:26]} d6 {[%clk 1:31:06]}
6. O-O {[%clk 1:31:57]} c5 {[%clk 1:30:48]} 7. c3 {[%clk 1:32:18]} b6
{[%clk 1:30:22]} 8. Nbd2 {[%clk 1:29:30]} Bb7 {[%clk 1:30:18]} 9. Qc2
{[%clk 1:27:26]} Nbd7 {[%clk 1:29:28]} 10. h3 {[%clk 1:27:41]} Rc8
{[%clk 1:25:34]} 11. Rfd1 {[%clk 1:24:00]} cxd4 {[%clk 1:20:28]} 12. exd4
{[%clk 1:23:41]} Qc7 {[%clk 1:19:13]} 13. Bh2 {[%clk 1:19:06]} Qd8
{[%clk 1:12:14]} 14. Re1 {[%clk 1:15:59]} Re8 {[%clk 1:07:57]} 15. Bd3
{[%clk 1:05:16]} d5 {[%clk 1:05:21]} 16. Ne5 {[%clk 0:59:00]} e6 {[%clk 1:01:45]}
17. Ndf3 {[%clk 0:55:22]} a6 {[%clk 0:58:52]} 18. Qe2 {[%clk 0:48:57]} Ra8
{[%clk 0:56:52]} 19. Qe3 {[%clk 0:44:09]} Ne4 {[%clk 0:54:49]} 20. Bxe4
{[%clk 0:35:14]} dxe4 {[%clk 0:54:56]} 21. Nd2 {[%clk 0:34:33]} f5
{[%clk 0:53:42]} 22. Nxd7 {[%clk 0:31:44]} Qxd7 {[%clk 0:53:58]} 23. Nc4
{[%clk 0:32:00]} Qc6 {[%clk 0:47:50]} 24. Nd6 {[%clk 0:29:14]} Red8
{[%clk 0:46:42]} 25. Nxb7 {[%clk 0:27:20]} Qxb7 {[%clk 0:47:09]} 26. Bf4
{[%clk 0:27:18]} Re8 {[%clk 0:44:07]} 27. Red1 {[%clk 0:25:02]} Rac8
{[%clk 0:41:35]} 28. Rd2 {[%clk 0:21:23]} Qc6 {[%clk 0:38:17]} 29. Qe2
{[%clk 0:20:00]} Qb7 {[%clk 0:31:48]} 30. Rad1 {[%clk 0:17:48]} Rcd8
{[%clk 0:30:23]} 31. Bg5 {[%clk 0:14:29]} Rd7 {[%clk 0:30:10]} 32. Qe3
{[%clk 0:14:04]} Qd5 {[%clk 0:28:52]} 33. Ra1 {[%clk 0:10:42]} Rc8
{[%clk 0:22:21]} 1/2-1/2